000 00494nam a2200181Ia 4500
001 15619
005 20260306170209.0
008 260306t2008||||xx |||||||||||||| ||und||
041 _aESP
082 _a551.23
_bB25
100 _aBarreda de la Cruz, Miguel
_eAUT
245 0 _aEstudio geológico, potencial geotérmico y calidad de aguas:
_bprovincia de Sandia - Puno
260 _c2008
300 _a101 páginas :
_c28 cm.
650 _aGEN
654 _aCCN
942 _cLIB
_dJUS
_fJUS
_2ddc
_n
999 _c15619
_d15619